000
00212nam a22001097a 4500
040
_c
SK
082
_a
630
100
_a
KHOV KOUNG
245
_a
Biological of coastal zone
260
_a
RUA
_b
KHO
_c
2010
942
_c
KB
999
_c
9681
_d
9681